• 首页
  • 本馆介绍
  • 公告通知
  • 最新文献
  • 馆藏检索
  • 电子资源
  • 读者导购
  • 参考咨询
  • 我的图书馆
  • 登录
  • 详细信息显示
  • 放入我的书架
  • 预约/预借图书
  • 作者相关作品
  • 分类相关作品
  • 丛书相关作品
  • 出版社相关作品

书目信息

  • 表格格式
  • 工作单格式
  • 卡片格式
题名:
中国民族器乐重奏合奏教程
    
 
作者: 史玥 , 杨春林 编著
分册:  
出版信息: 北京   中央音乐学院出版社  2014.01
页数: 259页
开本: 31cm
丛书名:
单 册:
中图分类: J632.06
科图分类:
主题词: 民族乐器--重奏--奏法--中国--教材 , 民族乐器--合奏--奏法--中国--教材 , 民族乐器 , 重奏 , 奏法 , 合奏
电子资源:
ISBN: 978-7-81096-579-8
000 01163ncm0 2200325 450
001 006543771
005 20140612095607.98
010    @a978-7-81096-579-8@dCNY68.00
100    @a20140515d2014 em y0chiy0110 ea
101 0  @achi
102    @aCN@b110000
105    @ag z 000yy
106    @ar
200 1  @a中国民族器乐重奏合奏教程@9zhong guo min zu qi yue chong zou he zou jiao cheng@f史玥,杨春林编著
210    @a北京@c中央音乐学院出版社@d2014.01
215    @a259页@d31cm
300    @a中国器乐重奏合奏教程
330    @a本书选择了重奏、小合奏、大合奏三种器乐演奏形式,同时根据曲目的难易程度分为初级、中级、高级三个级别,每个级别选择三首曲目。每一首乐曲除了总谱以外,还配有乐曲说明和演奏提示,并对乐曲的调性、调式、节拍、和声、配器、复调、曲式等进行了详细的讲解。
333    @a音乐爱好者
606 0  @a民族乐器@x重奏@x奏法@y中国@j教材
606 0  @a民族乐器@x合奏@x奏法@y中国@j教材
606 0  @a民族乐器
606 0  @a重奏
606 0  @a奏法
606 0  @a合奏
690    @aJ632.06@v5
701  0 @a史玥@9shi yue@c(女)@4编著
701  0 @a杨春林@9yang chun lin@4编著
801  0 @aCN@b人天书店@c20140515
905    @b548676-78@dJ632.06@e77@f3
    
    中国民族器乐重奏合奏教程/史玥,杨春林编著.-北京:中央音乐学院出版社,2014.01
    259页;31cm
    中国器乐重奏合奏教程.-使用对象:音乐爱好者
    
    ISBN 978-7-81096-579-8:CNY68.00
    本书选择了重奏、小合奏、大合奏三种器乐演奏形式,同时根据曲目的难易程度分为初级、中级、高级三个级别,每个级别选择三首曲目。每一首乐曲除了总谱以外,还配有乐曲说明和演奏提示,并对乐曲的调性、调式、节拍、和声、配器、复调、曲式等进行了详细的讲解。
●
相关链接 在E读中查询图书 在五车中查询图书 在当当中查询图书 在豆瓣中查询图书


正题名:中国民族器乐重奏合奏教程     索取号:J632.06/77         预约/预借

序号 登录号 条形码 馆藏地/架位号 状态 备注
1 548676   205486767   第一样本阅览室/ [索取号:J632.06/77] 在馆    
2 548677   205486776   第一借阅区/ [索取号:J632.06/77] 在馆    
3 548678   205486785   第一借阅区/ [索取号:J632.06/77] 在馆    
唐山师范学院图书馆 欢迎您!
大连网信软件有限公司© 版权所有